000 00442nam a2200181Ia 4500
001 2426
005 20260306144806.0
008 260306t2016||||xx |||||||||||||| ||spa||
041 _aESP
082 _a616.89
_bO74
100 _aOrtiz-Tallo, Margarita
_eAUT
245 0 _aPsicopatología clínica:
_badaptado al DSM-5
260 _c2016
300 _a180 páginas :
_c24 cm.
650 _aGEN
654 _aCPS
942 _cLIB
_dJUS
_fJUS
_2ddc
_n
999 _c2426
_d2426